000 00606nam a2200181Ia 4500
008 090124s9999 xx 000 0 und d
082 _b6297
_a469
100 _aपरांजपे शकुंतलाबाई
245 _a पांघरलेली कातडी
250 _a1
260 _c1942
300 _a115
600 _aपरांजपे शकुंतलाबाई
630 _a पांघरलेली कातडी
700 _aपरांजपे शकुंतलाबाई
730 _a पांघरलेली कातडी
942 _cBOOK
999 _c120238
_d120238